| 000 | 005180000a22001930004500 | ||
|---|---|---|---|
| 001 | 004779 | ||
| 003 | MACL | ||
| 005 | 20151013125745.0 | ||
| 008 | 151013b xxu||||| |||| 00| 0 eng d | ||
| 040 |
_aMACL _cMACL |
||
| 041 | _aEnglish | ||
| 082 | _a920/BIS | ||
| 100 |
_aBiswas, Dhirendramohan _914563 |
||
| 245 |
_aDeshabandhu C.r.Das _bPoet, Preformer And Politician _cDhirendramohan Biswas |
||
| 260 |
_aCalcutta _c1996 _bDas Gupta And Co., |
||
| 350 | _a100 | ||
| 650 |
_aBiography _914564 |
||
| 942 |
_k920 _cBK _2ddc |
||
| 999 |
_c16665 _d16665 |
||